El Perú borbónico, 1750-1824 / (Registro nro. 4687)
[ vista simple ]
| 000 -CABECERA | |
|---|---|
| campo de control de longitud fija | 00740nam a22002057a 4500 |
| 003 - IDENTIFICADOR DEL NÚMERO DE CONTROL | |
| campo de control | OSt |
| 005 - FECHA Y HORA DE LA ÚLTIMA TRANSACCIÓN | |
| campo de control | 20250528113429.0 |
| 008 - DATOS DE LONGITUD FIJA--INFORMACIÓN GENERAL | |
| campo de control de longitud fija | 250528b ||||| |||| 00| 0 eng d |
| 020 ## - NÚMERO INTERNACIONAL ESTÁNDAR DEL LIBRO | |
| Número Internacional Estándar del Libro | 9972-51-046-8 |
| 040 ## - FUENTE DE LA CATALOGACIÓN | |
| Centro/agencia transcriptor | ENA |
| 100 ## - ENTRADA PRINCIPAL--NOMBRE DE PERSONA | |
| 9 (RLIN) | 4609 |
| Nombre de persona | Fisher, John Robert |
| 245 1# - MENCIÓN DE TÍTULO | |
| Título | El Perú borbónico, 1750-1824 / |
| Mención de responsabilidad, etc. | John Fisher ; traducción de Javier Flores. |
| Medio | [Recurso electrónico] |
| 260 ## - PUBLICACIÓN, DISTRIBUCIÓN, ETC. | |
| Lugar de publicación, distribución, etc. | Lima : |
| Nombre del editor, distribuidor, etc. | IEP, |
| Fecha de publicación, distribución, etc. | 2000 |
| 300 ## - DESCRIPCIÓN FÍSICA | |
| Extensión | 359 p. |
| 440 ## - MENCIÓN DE SERIE/PUNTO DE ACCESO ADICIONAL--TÍTULO | |
| Título | Estudios Históricos ; |
| Designación de volumen o secuencia | 28 |
| 9 (RLIN) | 5998 |
| 651 #0 - PUNTO DE ACCESO ADICIONAL DE MATERIA--NOMBRE GEOGRÁFICO | |
| Nombre geográfico | Perú |
| Subdivisión general | Política y gobierno |
| Subdivisión cronológica | Siglos XVIII-XIX |
| 9 (RLIN) | 6001 |
| 651 #0 - PUNTO DE ACCESO ADICIONAL DE MATERIA--NOMBRE GEOGRÁFICO | |
| Nombre geográfico | Perú |
| Subdivisión general | Historia |
| Subdivisión cronológica | Siglos XVIII-XIX |
| 9 (RLIN) | 6002 |
| 856 ## - LOCALIZACIÓN Y ACCESO ELECTRÓNICOS | |
| Identificador Uniforme del Recurso | <a href="https://repositorio.iep.org.pe/server/api/core/bitstreams/838859d3-2939-446a-bbc2-cba73aaa3750/content">https://repositorio.iep.org.pe/server/api/core/bitstreams/838859d3-2939-446a-bbc2-cba73aaa3750/content</a> |
| 942 ## - ELEMENTOS DE PUNTO DE ACCESO ADICIONAL (KOHA) | |
| Fuente del sistema de clasificación o colocación | |
| Tipo de ítem Koha | Libros |
No hay ítems disponibles.